00678nac a22002051u 4500020001500000082001600015090001500031100003400046245005100080260004000131300003100171500002600202500002100228511002600249650003400275700002400309942001900333999001500352952010500367 a0406259402 a332.76bDRU c9547d9547 aDrury, Tony  aCredit cards /cTony Drury, Charles W. Ferrier aLondon :bButterworths, 1984.c1984 axiv,177p. :bill. ;c 22cm adistributer: Al-Ahram a Includes index. acatalogued by: wessam aCredit cardsz Great Britain. aFerrier, Charles W. cBBk332.76 DRU c9547d9547 00104070aMAINbMAINc1STd2008-05-21ePurchasel0o332.76 DRUp000011580r2025-07-15 00:00:00yBB